[Event "France-ch U16 Girls"]
[Site "Reims"]
[Date "2004.04.24"]
[Round "8"]
[White "Mirambet, Sara"]
[Black "Iemmi, Claire"]
[Result "0-1"]
[WhiteElo "1580"]
[BlackElo "1800"]
[PlyCount "26"]
[EventDate "2004.04.??"]
[EventType "swiss"]
[EventRounds "9"]
[EventCountry "FRA"]
[SourceTitle "EXT 2005"]
[Source "ChessBase"]
[SourceDate "2004.11.15"]
[SourceVersion "1"]
[SourceVersionDate "2004.11.15"]
[SourceQuality "1"]

1. e4 e6 2. d4 d5 3. exd5 exd5 4. c4 Nf6 5. Nc3 c6 6. Nf3 Be6 7. Qb3 Qc7 8. Bg5 Nbd7 9. Rc1 Bd6 10. cxd5 Nxd5 11. Nb5 Qa5+ 12. Nc3 Nxc3 13. Qxc3 Bb4 0-1

[Event "FRA-ch U14 Girls"]
[Site "Le Grand Bornand"]
[Date "2003.??.??"]
[Round "1.4"]
[White "Brih, Touatia"]
[Black "Mirambet, Sara"]
[Result "1-0"]
[WhiteElo "1870"]
[BlackElo "1450"]
[PlyCount "59"]
[EventDate "2003.??.??"]
[EventType "swiss"]
[EventRounds "9"]
[EventCountry "FRA"]
[SourceTitle "EXT 2004"]
[Source "ChessBase"]
[SourceDate "2003.11.25"]
[SourceVersion "1"]
[SourceVersionDate "2003.11.25"]
[SourceQuality "1"]

1. e4 c5 2. Nf3 d6 3. d4 cxd4 4. Nxd4 Nf6 5. Nc3 g6 6. Be3 Bg7 7. Bc4 a6 8. f3 b5 9. Bb3 Bb7 10. Qd2 Nc6 11. 0-0-0 0-0 12. h4 Qc7 13. g4 Ne5 14. h5 Nc4 15. Bxc4 Qxc4 16. hxg6 fxg6 17. Bh6 Rf7 18. Bxg7 Rxg7 19. Kb1 b4 20. Nce2 a5 21. Nf4 e5 22. Nde6 Rd7 23. Nd5 Nxd5 24. exd5 Rf7 25. Ng5 Rc7 26. Ne4 Rd8 27. b3 Qb5 28. Qg5 Rf8 29. Nf6+ Kh8 30. Qxg6 1-0